BIBLIOTECA

SENCICO

Sistemas arquitectónicos contemporáneos / (Registro nro. 2166)

Detalles MARC
000 -LEADER
fixed length control field 00990nam a2200241Ia 4500
003 - CONTROL NUMBER IDENTIFIER
control field PE SENCICO BE
005 - DATE AND TIME OF LATEST TRANSACTION
control field 20251020182534.0
008 - FIXED-LENGTH DATA ELEMENTS--GENERAL INFORMATION
fixed length control field 200515s9999 xx 000 0 und d
020 ## - INTERNATIONAL STANDARD BOOK NUMBER
International Standard Book Number 978-84-252-2190-3
040 ## - CATALOGING SOURCE
Original cataloging agency PE SENCICO BE
Transcribing agency PE SENCICO BE
041 ## - LANGUAGE CODE
Language code of text/sound track or separate title spa
082 ## - DEWEY DECIMAL CLASSIFICATION NUMBER
Classification number 724.7
Item number M77
100 1# - MAIN ENTRY--PERSONAL NAME
Personal name Montaner, Josep María
9 (RLIN) 365
Relator term autor
245 10 - TITLE STATEMENT
Title Sistemas arquitectónicos contemporáneos /
Statement of responsibility, etc. Josep Maria Montaner
260 ## - PUBLICATION, DISTRIBUTION, ETC.
Place of publication, distribution, etc. Barcelona:
Name of publisher, distributor, etc. Gustavo Gili,
Date of publication, distribution, etc. 2008
300 ## - PHYSICAL DESCRIPTION
Other physical details il.
Extent [5], 223 p. :
Dimensions 24 cm.
520 3# - SUMMARY, ETC.
Summary, etc. Plantea una visión nueva de la arquitectura contemporánea desde principios del siglo XX hasta principios del siglo XXI que parte de la crisis del objeto aislado y pone especialidad énfasis en las relaciones entre edificios y en los valores del espacio púb
650 14 - SUBJECT ADDED ENTRY--TOPICAL TERM
Topical term or geographic name entry element Arquitectura contemporánea
9 (RLIN) 472
650 24 - SUBJECT ADDED ENTRY--TOPICAL TERM
Topical term or geographic name entry element Diseño arquitectónico
9 (RLIN) 18
942 ## - ADDED ENTRY ELEMENTS (KOHA)
Koha item type Libros
Source of classification or shelving scheme Dewey Decimal Classification
Classification part 724.7
Item part M77
Existencias
Fecha de la última vez que lo usaron Número de ingreso o de inventario Pago total Signatura topográfica completa Código de barras Precio efectivo desde Tipo de documento Estado perdido Sistema de clasificación Estado dañado No es para préstamo Retirado Ubicación permanente Ubicación actual Fecha de adquisición
15/05/2020 14541   724.7/M77 Bib-Lima15052166 15/05/2020 Libros   Dewey Decimal Classification       Biblioteca Central Lima Biblioteca Central Lima 15/05/2020
13/01/2023 16250   724.7/M77/ej. 2   13/01/2023 Libros   Dewey Decimal Classification       Biblioteca Central Lima Biblioteca Central Lima 13/01/2023
13/01/2023 16561   724.7/M77/ej. 3   13/01/2023 Libros   Dewey Decimal Classification       Biblioteca Central Lima Biblioteca Central Lima 13/01/2023